Statistiques concernant mon 11 de légende ( football ) 2

Cliquez ici pour prendre le quiz!

Statistiques générales

  • Ce quiz a été pris 327 fois
    (282 depuis la dernière actualisation)
  • Le résultat moyen est 11 sur 19

Statistiques - réponses

HintRéponse% Correct
real madridgardiencourtois
90%
juventus / manchester unitedmilieupogba
80%
psgailier gauchembappe
76%
real madriddéfenseur gauchemarcelo
72%
barcelonedéfenseur centralpuyol
69%
rennes / real madridrp milieucamavinga
63%
mexiquerp gardienochoa
63%
real madrid / psgrp défenseurramos
63%
chelsea / psgdéfenseur centraldavid luiz
60%
real madrid / psgrp ailier droitdi maria
59%
atletico madridmilieugriezmann
57%
séville / barcelonedéfenseur droitkoundé
57%
milan ac / real madridmilieukaka
54%
monaco / real madridrp milieutchouaméni
53%
barcelonerp défenseurdani alves
52%
romarp buteurtotti
46%
juventus / romarp buteurdybala
42%
manchester unitedbuteurrooney
39%
psgailier droitpastore
8%

Distribution des résultats

Percentile par nombre de réponses

% des personnes avec chaque résultat

Votre développement - résultats

Vous n’avez pas pris ce quiz depuis la dernière actualisation